KALAY LOGOON KI ROSHAN NAZMAIN (Record no. 582329)
[ view plain ]
| 000 -LEADER | |
|---|---|
| fixed length control field | 00297nam a22001217a 4500 |
| 082 ## - DEWEY DECIMAL CLASSIFICATION NUMBER | |
| Classification number | 891.4391 AMJ |
| 100 ## - MAIN ENTRY--PERSONAL NAME | |
| Personal name | AMJAD ISLAM AMJAD |
| 9 (RLIN) | 9447 |
| 245 ## - TITLE STATEMENT | |
| Title | KALAY LOGOON KI ROSHAN NAZMAIN |
| 260 ## - PUBLICATION, DISTRIBUTION, ETC. | |
| Place of publication, distribution, etc. | LAHORE |
| Name of publisher, distributor, etc. | JANG PUBLISHER |
| Date of publication, distribution, etc. | 1991 |
| 300 ## - PHYSICAL DESCRIPTION | |
| Extent | 96P |
| 650 ## - SUBJECT ADDED ENTRY--TOPICAL TERM | |
| Topical term or geographic name entry element | URDU ADAB-POETRY |
| 9 (RLIN) | 28226 |
| 942 ## - ADDED ENTRY ELEMENTS (KOHA) | |
| Koha item type | Book |
| Withdrawn status | Lost status | Damaged status | Not for loan | Permanent Location | Current Location | Shelving location | Date acquired | Total Checkouts | Full call number | Barcode | Date last seen | Price effective from | Koha item type |
|---|---|---|---|---|---|---|---|---|---|---|---|---|---|
| College of Electrical & Mechanical Engineering (CEME) | College of Electrical & Mechanical Engineering (CEME) | General Stacks | 06/05/2017 | 891.4391 AMJ | CEME-327794 | 06/28/2021 | 06/28/2021 | Book |
